| 000 | 00704nam a22002177a 4500 | ||
|---|---|---|---|
| 005 | 20241011151826.0 | ||
| 010 | _aENG-136761 ENG--142124 | ||
| 020 |
_a9789357943246 _c350.00 |
||
| 035 | _aEN-120293 | ||
| 035 | _aEN-125656 | ||
| 037 | _bDBAD/PUB | ||
| 082 | _a158.1 | ||
| 100 |
_aCarnegie, Dale _972720 |
||
| 245 |
_aHow To Win Friends & Influence People/ _cBy Dale Carnegie |
||
| 250 | _aFirst | ||
| 260 |
_aNew Delhi _bV & S Publishers |
||
| 270 |
_aF-2/16, Ansari Road, Darya Ganj _bNew Delhi _e110002 _k23240026 _k23240027 _k23240028 _minfo@vspublishers.com |
||
| 300 |
_a218p.; _c21m(pbk) |
||
| 500 | _aOver A Million Copies Sold Worldwide | ||
| 942 |
_2ddc _cEN _h158.1 _mCAR |
||
| 999 |
_c195825 _d195825 |
||